| 000 | 00533nam a2200205Ia 4500 | ||
|---|---|---|---|
| 003 | LK-CoDNM | ||
| 008 | 010623t1967 xxu||||| |||| 00| 1 sin d | ||
| 040 |
_aLK-CoDNM _dLK-CoDNM _eLK-CoDNM |
||
| 041 | _asin | ||
| 080 |
_a(X) 04 _bRAT |
||
| 100 | _aRathanasara Thero,Thiranagama. | ||
| 245 | _aදර්ශන සියය | ||
| 246 | _aDarshana Siyaya | ||
| 260 |
_bM.D.Gunasena _aColombo _c1967 |
||
| 300 | _bxii,419p,pl., 18 cm | ||
| 650 | _aHambegamuwa | ||
| 650 | _aMalvathu Asgiri | ||
| 650 | _aPalm Leaf | ||
| 942 | _cBK | ||
| 999 |
_c107366 _d107366 |
||